00499 2200181 4500001002100000005001500021035002000036008004100056245007500097100001900172260004100191300001100232020002200243084001400265082000800279650001200287990001800299INLIS00000000000070120240820034714 a0010-0724000701240820 0 1 aThe Mouse Deer And His Magic Flute And Other Stories /cdidik djunaedi adidik djunaedi aBekasi :bCahaya pustaka raga,c2008 a66 hlm a978-602-8155-01-4 a813 DID t a813 4aFolklor aP29/CP/24/701